| 000 | 00416nam a22001337a 4500 | ||
|---|---|---|---|
| 003 | SGT | ||
| 082 |
_a617.645 _bC11S |
||
| 100 | _aSINGH, NEETIKA | ||
| 245 | _aCOMPARATIVE EVALUATION OF SALIVARY FLOW RATE, DENTAL CARIES EXPERIENCE AND TEETH ERUPTION PATTERN IN NORMAL AND MALNOURISHED CHILDREN | ||
| 260 |
_aDELHI NCR _bSGT UNIVERSITY GURUGRAM _c2011 |
||
| 300 | _a1-87 | ||
| 650 | _aPAEDODONTICS | ||
| 942 |
_2ddc _cTH |
||
| 999 |
_c16005 _d16005 |
||